00921nmm a2200241 a 4500003000900000005001700009008004100026020001800067040001300085245006000098260002600158300001600184500012100200520008800321650002700409650002700436650001700463650002700480700003500507700005300542700004800595700003600643AR-BaBNM20251128204903.0303119s1980 ||||||||||||||000 | spa|| a84-214-0239-0 cAR-BaBNM10aHistoria gráfica de la II Guerra Mundialbla victoria aBarcelonabAurac1980 a220 p.bil. aIndice de Organismos, Agencias de Prensa, Editores y Peridodistas que facilitaron el material para la obra en p. 216 aComprende desde el día D en Europa hasta la rendición incondicional del Japón 4aHISTORIA CONTEMPORANEA 4aSEGUNDA GUERRA MUNDIAL 4aSIGLO VEINTE 4aSEGUNDA GUERRA MUNDIAL1 aRothberg, Abrahamecomentarios1 aFredericks, Pierce G.eselección fotográfica1 aO'Keefe, Michaeleselección fotográfica1 ade la Torre, Jesúsetraductor